Ministerstvo privatizácie definitívne doplatí dlhy voči obciam

Prevod časti výnosu z malej privatizácie z osobitného účtu Ministerstva pre správu a privatizáciu národného majetku SR na obce a mestá - vyplýva to zo zákona o tzv. veľkej privatizácii. Prevod peňažných prostriedkov v niekoľkých etapách. Spôsoby riešenia doplatenia finančných prostriedkov obciam.

Guardado en:
Detalles Bibliográficos
Autor principal: Medžová, Andrea
Formato: Capítulo de libro
Lenguaje:eslovaco
Materias:
Etiquetas: Agregar Etiqueta
Sin Etiquetas, Sea el primero en etiquetar este registro!

MARC

LEADER 00000naa a2200000 4500
001 r035110
005 20230921103123.2
041 0 |a slo 
044 |a SK 
245 1 0 |a Ministerstvo privatizácie definitívne doplatí dlhy voči obciam  |c Andrea Medžová 
520 |a Prevod časti výnosu z malej privatizácie z osobitného účtu Ministerstva pre správu a privatizáciu národného majetku SR na obce a mestá - vyplýva to zo zákona o tzv. veľkej privatizácii. Prevod peňažných prostriedkov v niekoľkých etapách. Spôsoby riešenia doplatenia finančných prostriedkov obciam. 
610 2 0 |a privatizácia 
610 2 0 |a výnosy 
610 2 0 |a financie 
610 2 0 |a obce 
610 2 0 |a mestá 
610 2 0 |a Ministerstvo pre správu a privatizáciu národného majetku SR 
100 1 |a Medžová, Andrea